书目信息 |
| 题名: |
学习性评价行动建议200条
|
|
| 作者: | 史密斯 著 ;剑桥教育(中国) 译 | |
| 分册: | ||
| 出版信息: | 北京 教育科学出版社 2016.09 |
|
| 页数: | 187页 | |
| 开本: | 21×21cm | |
| 丛书名: | ||
| 单 册: | ||
| 中图分类: | G622.421 | |
| 科图分类: | ||
| 主题词: | 课堂教学--教学评估--小学 | |
| 电子资源: | ||
| ISBN: | 978-7-5191-0619-5 | |
| 000 | 01046nam0 2200265 450 | |
| 001 | 0108153907 | |
| 005 | 20210308154402.0 | |
| 010 | @a978-7-5191-0619-5@dCNY49.80 | |
| 100 | @a20181129e20192016em y0chiy50 ea | |
| 101 | 1 | @achi@ceng |
| 102 | @aCN@b110000 | |
| 105 | @aa z 000yy | |
| 106 | @ar | |
| 200 | 1 | @a学习性评价行动建议200条@Axue xi xing ping jia xing dong jian yi 200 tiao@e小学版@f(英)伊恩·史密斯著@g剑桥教育(中国)译 |
| 210 | @a北京@c教育科学出版社@d2016.09@h2019.12 | |
| 215 | @a187页@c图, 照片@d21×21cm | |
| 300 | @ai教育一套帮助中小学一线教师提高教学能力的系列读物 | |
| 305 | @a由权利人授权翻译出版 | |
| 330 | @a本书汇集了200条旨在改进学生学习的课堂评价行动建议,涉及如何分享学习目标、如何提更好的问题、如何让反馈更有效、如何促进学生的自我评价等小学老师比较关心的领域。 | |
| 606 | 0 | @a课堂教学@x教学评估@x小学 |
| 690 | @aG622.421@v5 | |
| 701 | 0 | @c(英)@a史密斯@Ashi mi si@4著 |
| 712 | 02 | @a剑桥教育(中国)@Ajian qiao jiao yu ( zhong guo )@4译 |
| 801 | 0 | @aCN@bBJSZM@c20210308 |
| 905 | @b1271991-5@dG622.421@e1323@f5 | |
| 学习性评价行动建议200条:小学版/(英)伊恩·史密斯著/剑桥教育(中国)译.-北京:教育科学出版社,2016.09(2019.12) |
| 187页:图, 照片;21×21cm |
| i教育一套帮助中小学一线教师提高教学能力的系列读物 |
| ISBN 978-7-5191-0619-5:CNY49.80 |
| 本书汇集了200条旨在改进学生学习的课堂评价行动建议,涉及如何分享学习目标、如何提更好的问题、如何让反馈更有效、如何促进学生的自我评价等小学老师比较关心的领域。 |
| ● |
| 相关链接 |
|
|
|
|
正题名:学习性评价行动建议200条
索取号:G622.421/1323
 
预约/预借
| 序号 | 登录号 | 条形码 | 馆藏地/架位号 | 状态 | 备注 |
| 1 | 1271991 | 212719913 | 第一样本阅览室/ [索取号:G622.421/1323] | 在馆 | |
| 2 | 1271992 | 212719922 | 教育系资料室/ [索取号:G622.421/1323] | 在馆 | |
| 3 | 1271993 | 212719931 | 教育系资料室/ [索取号:G622.421/1323] | 在馆 | |
| 4 | 1271994 | 212719940 | 第四借阅区/ [索取号:G622.421/1323] | 在馆 | |
| 5 | 1271995 | 212719959 | 第四借阅区/ [索取号:G622.421/1323] | 在馆 |